000 00278nam a22001217a 4500
999 _c169304
_d169304
082 _a
_b
100 _aFarrell Warren
245 _aDoes feminism discriminate agaist men/
_cby Farrell Warren.
260 _a
_bOxford,
_c2008.
300 _a258p.
650 _a
942 _cBK